000 00288nam a2200109Ia 4500
008 220204s9999 xx 000 0 und d
082 _a001
_bTUT
100 _aTuteja, S K
245 0 _aEncyclopaedia of general knowledge and world affairs
260 _aNew Delhi
_bVarma
_c1979
942 _cBK
999 _c32185
_d32185